[Event "R1-Auch 2 vs Condom 3"]
[Site "?"]
[Date "2010.10.17"]
[Round "1"]
[White "Alegret, Jean-Pierre"]
[Black "Blond, Jérôme"]
[Result "1-0"]
[WhiteElo "1660"]
[BlackElo "1420"]
[Annotator ""]
[Source ""]
[Remark ""]

1.e4 e5 2.Nf3 Nc6 3.Bb5 a6 4.Ba4 b5 5.Bb3 h6 6.c3 Bc5 7.d4 exd4 8.cxd4 
Bb4+ 9.Nc3 Bxc3+ 10.bxc3 Na5 11.O-O d6 12.Ba3 Bg4 13.Re1 Ne7 14.e5 d5 15.
Bxe7 Kxe7 16.h3 Be6 17.Qc1 Kd7 18.Re2 Qe7 19.Ne1 Rac8 20.Nd3 Nb7 21.a4 c6 
22.Rea2 Bf5 23.Nb4 a5 24.axb5 cxb5 25.Bxd5 Qxb4 26.cxb4 Rxc1+ 27.Rxc1 Rb8 
28.Bxb7 Rxb7 29.Rxa5 Bd3 30.Rc5 Ke6 31.g4 Bc4 32.Ra6+ Ke7 33.f4 Rd7 34.Rd6
Rxd6 35.exd6+ Kxd6 36.Kf2 g6 37.Ke3 Ke6 38.h4 f5 39.gxf5+ gxf5 40.Rc6+ Kd5
41.Rxh6 Bb3 42.Rg6 Bd1 43.Rg5 Ke6 44.h5 1-0

[Event "R1-Auch 2 vs Condom 3"]
[Site "?"]
[Date "2010.10.17"]
[Round "1"]
[White "Solirene, Christophe"]
[Black "Seguelong, Patrick"]
[Result "1/2-1/2"]
[WhiteElo "1590"]
[BlackElo "1670"]
[Annotator ""]
[Source ""]
[Remark ""]

1.d4 Nf6 2.Nc3 b6 3.e4 Bb7 4.e5 Nd5 5.Nxd5 Bxd5 6.c4 Bb7 7.Nf3 e6 8.Be2 
Be7 9.O-O d6 10.Be3 Nd7 11.Bf4 O-O 12.exd6 cxd6 13.Rc1 Nf6 14.b3 Rc8 15.
Nd2 Qd7 16.Bf3 d5 17.Be3 Bb4 18.cxd5 Rxc1 19.Qxc1 Rc8 20.Qb1 Bxd2 21.dxe6 
fxe6 22.Bxb7 Qxb7 23.Bxd2 Qe4 24.Qxe4 Nxe4 25.Be3 Rc2 26.Ra1 Nc3 27.Kf1 a5
28.Rc1 Rxc1+ 29.Bxc1 Kf7 30.a4 Kg6 31.Bd2 Nd5 32.Ke2 Kf5 33.Kd3 g5 34.Kc4 
Nc7 35.b4 axb4 36.Bxb4 g4 37.Bd6 Nd5 38.Kb5 Ke4 39.Kc6 Nc3 40.Kxb6 Nxa4+ 
41.Kb5 Nc3+ 42.Kc4 Ne2 43.Be5 1/2-1/2

[Event "R1-Auch 2 vs Condom 3"]
[Site "?"]
[Date "2010.10.17"]
[Round "1"]
[White "Heinsius, Ernst"]
[Black "Bougouin, Blaise"]
[Result "1-0"]
[WhiteElo "1699"]
[BlackElo "1650"]
[Annotator ""]
[Source ""]
[Remark ""]

1.e4 c5 2.Nf3 Nc6 3.Nc3 e6 4.d4 cxd4 5.Nxd4 Bb4 6.Qd3 a6 7.Bd2 Nf6 8.a3 
Be7 9.Nxc6 dxc6 10.Qg3 O-O 11.Bh6 Nh5 12.Qg4 g6 13.Bxf8 Qxf8 14.O-O-O e5 
15.Qf3 Nf6 16.h3 Be6 17.Nb1 Nh5 18.Qc3 Qh6+ 19.Nd2 Bf6 20.g3 Rd8 21.Be2 
Ng7 22.Bg4 Bg5 23.Bxe6 Nxe6 24.h4 Bf6 25.Qf3 Bg7 26.c3 Nc5 27.Kc2 Rf8 28.
Qe2 f5 29.Qc4+ Kh8 30.Qxc5 Qh5 31.Qe3 Bh6 32.Qf3 Qg4 33.Qxg4 fxg4 34.Rhe1 
Rxf2 35.Kd3 Rg2 36.Nf1 Rxb2 37.Rb1 Ra2 38.Rxb7 Rxa3 39.Rc7 a5 40.Rxc6 a4 
41.Rb6 Ra2 42.Rbb1 Rf2 43.Ra1 Rf3+ 44.Kc4 a3 45.Rxa3 Bf8 46.Ra8 Kg7 47.Rc1
Kh6 48.Kd5 Bg7 49.c4 Rd3+ 50.Kc6 g5 51.hxg5+ Kxg5 52.Kc7 h5 53.c5 h4 54.
gxh4+ Kxh4 55.Rd8 Ra3 56.c6 g3 57.Kb7 Rb3+ 58.Kc8 g2 59.Nd2 Rb2 60.Nf3+ 
Kg3 61.Ng1 Bh6 62.Rcd1 Rf2 63.Rg8+ Kh4 64.Rxg2 Rxg2 65.c7 Be3 66.Kb7 Rb2+ 
67.Kc6 Bxg1 68.Kd7 Rc2 69.Rxg1 Rd2+ 70.Ke6 Rc2 71.Rg7 Kh5 72.Rd7 Kg6 73.
Ke7 Kg5 74.Kd8 Kf4 75.c8=Q Rxc8+ 76.Kxc8 Kxe4 77.Kc7 Ke3 78.Kc6 e4 79.Kd5 
Kf4 80.Rf7+ Ke3 81.Re7 Kd3 82.Rxe4 1-0

[Event "Auch vs Ech. Bordelais"]
[Site "?"]
[Date "2010.10.17"]
[Round "1"]
[White "Dufour, Céline"]
[Black "Pokée, Michèle"]
[Result "0-1"]
[WhiteElo "1626"]
[BlackElo "1250"]
[Annotator ""]
[Source ""]
[Remark ""]

1.e4 e5 2.Nf3 Nc6 3.d4 exd4 4.Nxd4 Bc5 5.Be3 Bb6 6.Bc4 Qf6 7.c3 Nge7 8.O-O
O-O 9.Na3 a6 10.Nac2 Ne5 11.Be2 c5 12.Nb3 d6 13.f4 N5c6 14.Bf3 Ba7 15.Qe2 
Qg6 16.Rad1 f5 17.e5 dxe5 18.fxe5 f4 19.Bxc5 Bxc5+ 20.Nxc5 b6 21.Nb3 Kh8 
22.Rd6 Qe8 23.Nb4 Bb7 24.Nxc6 Nxc6 25.Nd4 Nxd4 26.Rxd4 Bxf3 27.Rxf3 g5 28.
e6 Qe7 29.Rd7 Qc5+ 30.Kh1 Rae8 31.b4 Qb5 32.c4 Qxd7 33.Qb2+ Qg7 34.Qb1 
Rxe6 35.h3 Rfe8 36.Rf1 Qe7 37.Qb2+ Kg8 38.Qd2 Re1 39.Qd5+ Kf8 40.Qf5+ Qf7 
41.Qxf7+ Kxf7 42.Kg1 Rxf1+ 43.Kxf1 Re4 0-1

[Event "Auch vs Ech. Bordelais"]
[Site "?"]
[Date "2010.10.17"]
[Round "1"]
[White "Rouede, Gilbert"]
[Black "Ghaibi, Ziyad"]
[Result "0-1"]
[WhiteElo "1797"]
[BlackElo "1889"]
[Annotator ""]
[Source ""]
[Remark ""]

1.d4 e6 2.Nf3 d5 3.Bg5 Nf6 4.e3 c5 5.c3 Nbd7 6.Bd3 Bd6 7.O-O Qc7 8.Nbd2 
O-O 9.Rc1 Re8 10.c4 b6 11.cxd5 exd5 12.dxc5 bxc5 13.h3 Rb8 14.b3 h6 15.
Bxf6 Nxf6 16.Nd4 Qe7 17.Nc6 Qe6 18.Nxb8 Bxb8 19.Nf3 Ne4 20.Bb5 Rd8 21.b4 
Qg6 22.Kh1 Qh5 23.Ng1 Qe5 24.g3 Nc3 25.Qd3 cxb4 26.Ba6 Bf5 27.Qd2 Qe6 28.
Kh2 Qxa6 29.Nf3 Qxa2 30.Qd4 Ne2 31.Qh4 Re8 32.Ra1 Qc4 33.Nd4 Nxd4 34.exd4 
a5 35.Rfe1 Rxe1 36.Rxe1 Bc7 37.Qh5 Bg6 38.Qg4 Bb6 39.Re8+ Kh7 40.Ra8 b3 
41.Rb8 f5 42.Qf4 Qxd4 43.Qxd4 Bxd4 44.Rxb3 Bxf2 45.Kg2 Be1 46.Rb5 d4 47.
Kf3 d3 0-1

[Event "Auch vs Ech. Bordelais"]
[Site "?"]
[Date "2010.10.17"]
[Round "1"]
[White "Biaux, Alain"]
[Black "Verges, Jean"]
[Result "1-0"]
[WhiteElo "1898"]
[BlackElo "1700"]
[Annotator ""]
[Source ""]
[Remark ""]

1.d4 d5 2.c4 c6 3.Nf3 Nf6 4.e3 e6 5.Qc2 Bd6 6.Nbd2 Nbd7 7.Bd3 O-O 8.O-O e5
9.dxe5 Nxe5 10.Nxe5 Bxe5 11.Nf3 Bc7 12.h3 Qd6 13.b3 Re8 14.Rd1 Qe7 15.cxd5
Nxd5 16.Bxh7+ Kh8 17.Bb2 Nb4 18.Qb1 Be6 19.Nd4 Rad8 20.a3 Nd5 21.Nf5 Bxf5 
22.Qxf5 Nf6 23.Bxf6 Qxf6 24.Qxf6 gxf6 25.Bc2 Be5 26.Rab1 c5 27.Be4 b6 28.
Bc6 Rxd1+ 29.Rxd1 Re6 30.Bd7 Rd6 31.Rxd6 Bxd6 32.a4 Kg7 33.f4 Kg6 34.g4 a6
35.Kf2 Be7 36.Kf3 Kh6 37.Ke4 Kg6 38.h4 Kg7 39.Kf5 Kf8 40.h5 Kg8 41.Ke4 Kg7
42.Kd5 a5 43.Bf5 Kf8 44.Bd3 Ke8 45.Bc4 Kd7 46.Ke4 Ke8 47.Kf5 Kf8 48.h6 Kg8
49.g5 fxg5 50.fxg5 Bf8 51.e4 Be7 52.g6 Kf8 53.Bxf7 Bd6 54.e5 Be7 55.Bc4 
1-0

[Event "Auch vs Ech. Bordelais"]
[Site "?"]
[Date "2010.10.17"]
[Round "1"]
[White "Join, Etienne"]
[Black "Delgrange, Jean-Loup"]
[Result "0-1"]
[WhiteElo "1850"]
[BlackElo "1913"]
[Annotator ""]
[Source ""]
[Remark ""]

1.e4 d6 2.Nc3 Nf6 3.Bc4 g6 4.d3 Bg7 5.Bd2 O-O 6.Nf3 Nc6 7.O-O Bg4 8.h3 
Bxf3 9.Qxf3 Ne5 10.Qe2 Nxc4 11.dxc4 c6 12.b3 Qc7 13.Rad1 Nd7 14.Nb1 Rad8 
15.a4 Nc5 16.Bc3 f6 17.Nd2 b6 18.Nf3 a5 19.Qe3 Ne6 20.Bd4 Nxd4 21.Nxd4 Qc8
22.Rd3 c5 23.Nb5 Rf7 24.g4 Rdf8 25.Rd5 f5 26.exf5 gxf5 27.gxf5 Rxf5 28.
Qxe7 Rxd5 29.cxd5 Rf6 30.Nxd6 Qxh3 31.Qe8+ Bf8 32.Ne4 Rh6 33.Qf7+ Kxf7 34.
Ng5+ Ke8 35.Nxh3 Rxh3 36.f3 Bd6 37.c4 Kd7 38.Rf2 Bf4 39.Kf1 Kd6 40.Rg2 
Rxf3+ 41.Rf2 Rxf2+ 42.Kxf2 Ke5 43.Kf3 Kf5 44.Kg2 Kg4 45.Kf2 0-1

[Event "Auch vs Ech. Bordelais"]
[Site "?"]
[Date "2010.10.17"]
[Round "1"]
[White "Stepenko, Roman"]
[Black "Mesples, Jean-Marc"]
[Result "1-0"]
[WhiteElo "1894"]
[BlackElo "1881"]
[Annotator ""]
[Source ""]
[Remark ""]

1.e4 e5 2.Nf3 Nc6 3.d4 exd4 4.Nxd4 Nf6 5.Bc4 Nxe4 6.Bxf7+ Kxf7 7.Qh5+ g6 
8.Qd5+ Kg7 9.Nxc6 Qe8 10.Qe5+ Qxe5 11.Nxe5 d5 12.f3 Nf6 13.b3 Bd6 14.Nd3 
Re8+ 15.Kf2 Bf5 16.Bb2 Kf7 17.Nd2 Nd7 18.Rad1 Nc5 19.Nf1 Nxd3+ 20.cxd3 Re7
21.Ne3 Rae8 22.Rhe1 Bb4 23.Re2 c5 24.d4 c4 25.bxc4 dxc4 26.Bc1 Bd3 27.Ree1
Bxe1+ 28.Rxe1 b5 29.Ba3 Rd7 30.Bc5 a6 31.Ra1 Rb8 32.Ng4 Kg7 33.Ne5 Rd5 34.
Nxd3 cxd3 35.Rd1 Rc8 36.Ke3 a5 37.Rxd3 Re8+ 38.Kd2 Kf6 39.a3 Rb8 40.Kc3 
Re8 41.Kd2 Rh5 42.h3 Rg5 43.g4 Ke6 44.Rb3 Rb8 45.Re3+ Kf7 46.Re7+ Kg8 47.
Rd7 b4 48.axb4 axb4 49.f4 Rxc5 50.dxc5 b3 51.Kc1 b2+ 52.Kb1 Rc8 53.Rd5 Kf7
54.Kxb2 Ke6 55.Re5+ Kd7 56.f5 gxf5 57.Rxf5 Ke6 58.Kc3 Ra8 59.Rh5 Ra7 60.
Kc4 1-0

[Event "Auch vs Ech. Bordelais"]
[Site "?"]
[Date "2010.10.17"]
[Round "1"]
[White "Golic, Nadil"]
[Black "Milon, Cyril"]
[Result "0-1"]
[WhiteElo "1960"]
[BlackElo "2058"]
[Annotator ""]
[Source ""]
[Remark ""]

1.d4 d5 2.c4 c6 3.Nf3 Nf6 4.Nc3 dxc4 5.a4 Bf5 6.Ne5 Nbd7 7.Nxc4 Qc7 8.f3 
e5 9.e4 exd4 10.Qxd4 Bc5 11.Qd2 Be6 12.Qf4 Qxf4 13.Bxf4 Nh5 14.Bd2 O-O-O 
15.g4 Nhf6 16.Bf4 Nb6 17.Nxb6+ axb6 18.h3 Bb4 19.Kf2 Bb3 20.Be2 Nd7 21.Bd1
Bc4 22.Bc2 Nc5 23.Rhd1 Bd3 24.Na2 Bxc2 25.Rxd8+ Rxd8 26.Nxb4 Bxa4 27.Be3 
Rd1 28.Rxd1 Bxd1 29.g5 Kc7 30.Bxc5 bxc5 31.Nd3 Kd6 32.Ke3 c4 33.Nf2 Bb3 
34.f4 b5 35.f5 Bc2 36.h4 g6 37.Kf4 b4 38.e5+ Kd5 39.fxg6 hxg6 40.Ng4 Bd3 
41.Ke3 Bf5 42.Nh6 Be6 43.Ng8 Kxe5 44.Ne7 Bd7 45.Ng8 Bf5 46.Kd2 Kf4 47.Nh6 
Be6 48.Ng8 Kg4 49.Ne7 Bd5 0-1

[Event "Auch vs Ech. Bordelais"]
[Site "?"]
[Date "2010.10.17"]
[Round "1"]
[White "Galloux, Maxime"]
[Black "Devecchi, Jorge"]
[Result "1-0"]
[WhiteElo "2030"]
[BlackElo "1946"]
[Annotator ""]
[Source ""]
[Remark ""]

1.c4 g6 2.Nc3 Bg7 3.Nf3 Nf6 4.g3 O-O 5.Bg2 d6 6.O-O e5 7.d3 Nc6 8.Rb1 a5 
9.a3 Ne8 10.b4 axb4 11.axb4 f5 12.Bg5 Ne7 13.Qd2 c6 14.b5 Nf6 15.bxc6 bxc6
16.c5 d5 17.Nxe5 Ne4 18.dxe4 Bxe5 19.exd5 Bxc3 20.Qxc3 Nxd5 21.Bxd5+ Qxd5 
22.Bh6 Qf7 23.Bxf8 Qxf8 24.Qc4+ Kg7 25.Rfd1 Ba6 26.Rd7+ Kh8 27.Qh4 h6 1-0

[Event "Auch vs Ech. Bordelais"]
[Site "?"]
[Date "2010.10.17"]
[Round "1"]
[White "Levieux, Pascal"]
[Black "Lagunes, Jean-Renaud"]
[Result "0-1"]
[WhiteElo "2103"]
[BlackElo "2085"]
[Annotator ""]
[Source ""]
[Remark ""]

1.d4 Nf6 2.c4 b6 3.Nf3 Bb7 4.g3 e6 5.Bg2 Bb4+ 6.Nbd2 O-O 7.O-O d5 8.a3 
Bxd2 9.Nxd2 Nbd7 10.Qc2 c5 11.dxc5 Nxc5 12.b4 Nce4 13.Nxe4 Nxe4 14.cxd5 
Qxd5 15.Be3 Rfc8 16.Qb2 Rc4 17.Rac1 Rac8 18.Rfd1 Rxc1 19.Rxc1 Rxc1+ 20.
Qxc1 Qd7 21.f3 Nf6 22.Qd2 Qc7 23.Bd4 Nd5 24.e4 e5 25.Bb2 Nf6 26.Bh3 Ba6 
27.a4 h5 28.Kf2 h4 29.Ke3 hxg3 30.hxg3 Nh5 31.Kf2 Bc8 32.Bxc8 Qxc8 33.Bxe5
{Ici, Rybka donne un gros avantage aux blancs quasiment gagnant.} 33...f6 
{Où placer le fou?} 34.Bc3 
    ( 34.Bd6 {est bien meilleur. Le fou controle beaucoup plus de cases 
    qu'en c3 et il controle et défend les cases g3 et f4 Et alors:} 34...
    Qh3 {est archi perdant pour les noirs on aurait:} 35.Qd5+ Kh7 36.g4 {
    le cavalier noir est mort.} )
34...Qh3 35.g4 Ng3 36.Qd5+ Kh7 37.Qd1 {Le coup qui ramène l'avantage blanc
à zéro. Pascal n'a pas vu le coup tactique qui va suivre et que ne manque 
pas de jouer Lagunes.} 37...Nxe4+ 38.Ke3 Nxc3 39.Qd3+ Kh6 40.Qxc3 Qf1 41.
Qc2 Qe1+ 42.Qe2 Qc3+ 43.Qd3 Qxb4 44.Qf5 Qc5+ 45.Qxc5 bxc5 46.f4 g6 47.Ke4 
c4 48.Kd4 f5 49.gxf5 gxf5 50.Kxc4 Kh5 51.Kc5 {Le coup perdant} 
    ( 51.Kb5 Kg4 52.Ka6 Kxf4 53.Kxa7 Kg4 54.Kb6 f4 55.a5 f3 56.a6 f2 57.a7
    f1=Q 58.a8=Q {avec une nulle de chez Nul!} )
51...Kg4 52.Kc6 Kxf4 53.Kb7 0-1

[Event "Nationale III"]
[Site "Castelsarrasin"]
[Date "2010.10.17"]
[Round "1"]
[White "De Barros, Frédéric"]
[Black "Roques, Olivier"]
[Result "1-0"]
[WhiteElo "2104"]
[BlackElo "1865"]

1.c4 Nf6 2.Nc3 g6 3.g3 Bg7 4.Bg2 O-O 5.Nf3 d6 6.O-O e5 7.d3 h6 8.Rb1 Nh7 {
Coup hors bibliothèque d'ouverture a5 100%} 9.b4 $201 f5 $6 $14 {Houdini 
1.03a w32 2_CPU: Coup faible, le score varie de/à: +0.34 / +0.97} 
    ( 9...Nc6 10.Be3 Nd4 11.Qc1 h5 12.Re1 Nf5 13.Bd2 Nf6 14.e4 Nd4 15.Nxd4
    exd4 16.Nb5 Ng4 17.Qb2 a5 18.Nxd4 axb4 19.Bxb4 Bxd4 20.Qxd4 Rxa2 $10 )
10.Nh4 Rf6 11.Nd5 Re6 12.e4 $201 c6 $6 $16 {Houdini 1.03a w32 2_CPU: Coup 
faible, le score varie de/à: +0.70 / +1.93} 
    ( 12...f4 13.b5 c6 14.bxc6 bxc6 15.Nb4 a5 16.Qa4 fxg3 17.hxg3 Ng5 18.
    Nxc6 Qe8 19.f4 exf4 20.gxf4 Nxc6 21.fxg5 hxg5 22.Bxg5 Bd4+ 23.Kh1 Ne5 
    24.Qc2 Qd7 $14 )
13.exf5 gxf5 14.Nxf5 cxd5 15.Qg4 $201 Qf8 $6 $18 $201 {Houdini 1.03a w32 
2_CPU: Coup faible, le score varie de/à: +2.42 / +3.77} 
    ( 15...Qc7 16.Bxh6 Rxh6 17.Nxh6+ Kh8 18.Nf7+ Kg8 19.Qg6 Nf6 20.Nh6+ 
    Kf8 21.Bxd5 Bh8 22.f4 Qg7 23.Qg5 Nc6 24.Bxc6 bxc6 25.Nf5 Bxf5 26.Qxf5 
    Qe7 27.b5 c5 28.fxe5 dxe5 29.Rbe1 Re8 30.Re2 Kg7 $16 )
16.Bxd5 $2 $14 $201 {Houdini 1.03a w32 2_CPU: Coup faible, le score varie 
de/à: +3.77 / +1.10} 
    ( 16.Bxh6 Nf6 17.Qxg7+ Qxg7 18.Bxg7 dxc4 19.Bxf6 Rxf6 20.Ne7+ Kf8 21.
    Nxc8 Nc6 22.b5 Nd8 23.Nxd6 Rxd6 24.dxc4 Rd4 25.Bd5 a6 26.bxa6 Rxa6 27.
    Rfe1 Rxa2 28.Rxe5 Rdd2 29.Rf5+ Kg7 30.Kg2 Rab2 31.Rxb2 Rxb2 32.h4 Nc6 
    33.Rf7+ Kg6 $18 )
16...Nf6 $2 $18 {****D2 1.1->3.6 Houdini 1.03a w32 2_CPU: Coup faible, le 
score varie de/à: +1.10 / +3.64} 
    ( 16...Kh8 17.Nxg7 Rf6 18.Ne6 Qe7 19.Qe4 Rxe6 20.Bxe6 Bxe6 21.Bxh6 Nc6
    22.Be3 a5 23.bxa5 Rxa5 24.Rb2 d5 25.cxd5 Bxd5 26.Qg4 Be6 27.Qe2 Nf6 
    28.Rfb1 b5 29.Rc1 Nb4 $14 )
17.Bxe6+ $201 Kh7 $4 $18 {Houdini 1.03a w32 2_CPU: Coup faible, le score 
varie de/à: +3.47 / +9.20} 
    ( 17...Bxe6 18.Nxh6+ Kh7 19.Qxe6 Bxh6 20.Qf5+ Kg8 21.Bxh6 Qxh6 22.Qc8+
    Qf8 23.Qxb7 Nbd7 24.f4 a5 25.fxe5 dxe5 26.b5 Qc5+ 27.Kh1 Rb8 28.Qc6 
    Rb6 29.Qxc5 Nxc5 30.Rf3 Nfd7 31.Re1 Rd6 32.Ree3 Rd4 33.Kg2 e4 34.dxe4 
    Ne5 35.Rf4 $18 )
18.Qxg7+ Qxg7 19.Nxg7 Bxe6 20.Nxe6 Nc6 
    ( 20...Nc6 {15:+8.53} 21.f4 Ng8 22.fxe5 Nxe5 23.Rf8 Rxf8 24.Nxf8+ Kg7 
    25.Ne6+ Kf6 26.Nf4 Kf5 27.c5 Nf6 28.Kg2 Nf7 29.Bb2 Ng4 30.h3 Nge5 31.
    g4+ Kf6 32.Re1 )
1-0

[Event "Nationale III"]
[Site "Castelsarrasin"]
[Date "2010.10.17"]
[Round "1"]
[White "Morand, Esther"]
[Black "Roset, Olivier"]
[Result "1/2-1/2"]
[WhiteElo "1760"]
[BlackElo "1745"]
[Annotator "opBlunder 10 (black) opBlunder 11 (white)"]

1.d4 d5 2.Nf3 Nf6 3.Nbd2 {Coup hors bibliothèque d'ouverture c4 96% Fg5 1%
Ff4 1% g3 1% e3 1%} 3...g6 4.c4 Bg7 5.e3 c6 6.Be2 O-O 7.O-O Nbd7 8.b3 Re8 
9.Bb2 Ne4 $201 10.Ne5 $6 $10 $201 {Houdini 1.03a w32 2_CPU: Coup faible, 
le score varie de/à: +0.35 / -0.19} 
    ( 10.cxd5 Nxd2 11.Qxd2 cxd5 12.Rac1 Nf6 13.Ne5 Ne4 14.Qc2 Qb6 15.Qc7 
    Bf5 16.f3 Nd6 17.Rc5 Qxc7 18.Rxc7 Rac8 19.Rfc1 Rxc7 20.Rxc7 $10 )
10...f6 $6 $10 {Houdini 1.03a w32 2_CPU: Coup faible, le score varie de/à:
-0.19 / +0.42} 
    ( 10...Nxd2 11.Qxd2 Nxe5 12.dxe5 dxc4 13.Qxd8 Rxd8 14.Rad1 Be6 15.Bxc4
    Bxc4 16.bxc4 b5 17.cxb5 cxb5 18.f4 Rxd1 19.Rxd1 Rc8 20.Rd2 b4 21.Kf2 
    a5 22.Kf3 a4 23.Ke4 h5 24.Rd7 Rc2 $10 )
11.Nd3 e6 12.f3 Nxd2 13.Qxd2 Bh6 14.Nf2 f5 15.Qc3 Bg7 16.e4 Nf6 17.exd5 
exd5 18.Rfe1 Bd7 19.c5 Qc7 20.Nd3 
    ( )
20...Re7 21.Ne5 Rae8 22.f4 Ne4 23.Qd3 
    ( 23.Qd3 {16:-0.02} 23...Qa5 24.Qe3 Qd2 25.Qxd2 Nxd2 26.g3 Bf6 27.Kg2 
    Kg7 28.Bd3 Ne4 29.Re2 Be6 30.Rae1 a5 31.Bb1 Bg8 32.Bd3 )
1/2-1/2

[Event "Nationale III"]
[Site "Castelsarrasin"]
[Date "2010.10.17"]
[Round "1"]
[White "Mevel, Mael"]
[Black "Chansavang, Albain"]
[Result "0-1"]
[WhiteElo "1849"]
[BlackElo "1698"]

1.e4 d6 2.d4 Nf6 3.Nc3 g6 4.Nf3 Bg7 5.h3 O-O 6.Be2 {Coup hors bibliothèque
d'ouverture Fe3 100%} 6...c6 7.O-O Nbd7 8.a3 a5 9.Re1 e5 10.dxe5 Nxe5 11.
Nxe5 dxe5 12.Be3 Be6 13.Bf1 Nh5 14.g4 Nf4 15.Bxf4 exf4 16.Qf3 Be5 17.Red1 
Qg5 18.Be2 h5 19.Qg2 hxg4 $201 20.hxg4 $6 $15 {Houdini 1.03a w32 2_CPU: 
Coup faible, le score varie de/à: -0.55 / -1.38} 
    ( 20.Bxg4 Bxc3 21.bxc3 Bxg4 22.hxg4 Rad8 23.Rd3 Qc5 24.Qf3 Rxd3 25.
    Qxd3 Re8 26.c4 Qg5 27.f3 Rd8 28.Qc3 Qc5+ 29.Kg2 Qe3 30.Qxe3 fxe3 $15 )
20...Kg7 21.f3 Rad8 $201 22.Rxd8 $6 $17 {Houdini 1.03a w32 2_CPU: Coup 
faible, le score varie de/à: -1.29 / -2.22} 
    ( 22.Kf1 Qf6 23.Rab1 Bxc3 24.bxc3 Rxd1+ 25.Rxd1 Qxc3 26.Qf2 Rh8 27.
    Qd4+ Qxd4 28.Rxd4 Rh2 29.Rd8 a4 30.Rb8 b5 31.Rb6 Bd7 32.Rb7 $15 )
22...Rxd8 23.Bd3 Qh4 $201 24.Qh2 $4 $19 {****D5 -1.7->-6.8 Houdini 1.03a 
w32 2_CPU: Coup faible, le score varie de/à: -1.73 / -6.76} 
    ( 24.a4 Rh8 25.Ne2 Bxb2 26.Rb1 Be5 27.Kf1 Qe7 28.Qg1 Ba2 29.Rd1 Rh3 
    30.Qg2 Qh4 31.Kg1 Bd6 32.c3 Bb3 $17 )
24...Bd4+ 25.Kh1 $201 Qg5 $4 $19 $201 {Houdini 1.03a w32 2_CPU: Coup 
faible, le score varie de/à: -7.46 / -3.79} 
    ( 25...Qf6 26.g5 Qxg5 27.Ne2 Rh8 28.Qxh8+ Kxh8 29.Nxd4 Qh4+ 30.Kg1 
    Qg3+ 31.Kh1 Qf2 32.Nxe6 Qxf3+ 33.Kg1 fxe6 34.Re1 Qg3+ 35.Kf1 f3 36.Re3
    Qg2+ 37.Ke1 Qg1+ 38.Kd2 Qf2+ 39.Be2 fxe2 40.Rxe2 Qd4+ 41.Kc1 g5 42.c3 
    Qd3 43.Rh2+ Kg8 44.Rd2 Qe3 45.Kd1 g4 46.Rd7 b5 47.Rd4 g3 48.Rd8+ Kg7 
    $19 )
26.Ne2 $2 $19 $201 {Houdini 1.03a w32 2_CPU: Coup faible, le score varie 
de/à: -3.79 / -6.10} 
    ( 26.Bf1 Rh8 27.Bh3 Qh4 28.Ne2 Be3 29.Rd1 Qxh3 30.Qxh3 Rxh3+ 31.Kg2 
    Rh8 32.Nd4 Bc8 33.Nb3 a4 34.Na5 Be6 35.Rd3 Rb8 36.b3 axb3 37.cxb3 Ra8 
    38.b4 Rb8 39.Rd1 Ra8 $19 )
26...Rh8 $6 $19 {Houdini 1.03a w32 2_CPU: Coup faible, le score varie 
de/à: -6.10 / -5.41} 
    ( 26...Bxb2 27.Rb1 Rh8 28.Qxh8+ Kxh8 29.Rxb2 Bxg4 30.Kg2 Be6+ 31.Kf1 
    b5 32.e5 Qxe5 33.Rb1 Bd5 34.Ng1 Kg7 35.Kg2 Qg5+ 36.Kf1 Qh5 37.Kf2 Ba2 
    38.Re1 Qc5+ 39.Kg2 Qxa3 40.Nh3 $19 )
27.Qxh8+ Kxh8 28.Nxd4 Qh4+ 29.Kg2 Qg3+ 30.Kh1 $201 Qf2 $19 {Houdini 1.03a 
w32 2_CPU: -6.59 (-5.96)} 
    ( 30...c5 31.Nxe6 Qxf3+ 32.Kg1 fxe6 33.Re1 Qg3+ 34.Kf1 f3 35.Re3 Qg2+ 
    36.Ke1 Qg1+ 37.Kd2 Qf2+ 38.Be2 fxe2 39.Rxe2 Qd4+ 40.Kc1 Qg1+ 41.Kd2 
    Qxg4 42.c3 Kg7 43.b4 Qf4+ 44.Kd3 axb4 45.axb4 Qd6+ 46.Ke3 cxb4 47.cxb4
    Qxb4 48.Rd2 Qc5+ 49.Kd3 g5 50.Rc2 Qd6+ 51.Ke3 g4 52.Rd2 Qg3+ 53.Kd4 b5
    54.Rc2 e5+ 55.Kc5 Qe3+ 56.Kd5 $19 )
31.Nxe6 Qxf3+ 32.Kh2 Qg3+ 33.Kh1 $201 Qh3+ $19 {Houdini 1.03a w32 2_CPU: 
-15.16 (-7.29)} 
    ( 33...f3 34.Nf4 g5 35.Rf1 gxf4 36.Rxf3 Qxf3+ 37.Kg1 Qg3+ 38.Kf1 f3 
    39.c3 f2 40.Ke2 f1=B+ 41.Kxf1 Qxd3+ 42.Kf2 Qd2+ 43.Kf1 Qxb2 44.a4 Qxc3
    45.Kf2 Qd4+ 46.Kf3 Qxa4 47.Kf4 Qa3 48.e5 Kg7 49.e6 Qd6+ 50.Ke4 Qxe6+ 
    51.Kd3 Qxg4 52.Kc2 Qe4+ 53.Kc3 Qe3+ 54.Kb2 Qe6 $19 )
34.Kg1 Qxg4+ 35.Kf2 Qg3+ 36.Ke2 Qe3+ 37.Kf1 $201 fxe6 $19 {Houdini 1.03a 
w32 2_CPU: -7.57 (-5.76)} 
    ( 37...Qf3+ 38.Kg1 fxe6 39.Re1 Qg3+ 40.Kf1 f3 41.Re3 Kg7 42.b4 axb4 
    43.axb4 Qg2+ 44.Ke1 Qg1+ 45.Kd2 Qf2+ 46.Be2 fxe2 47.Rxe2 Qd4+ 48.Kc1 
    Qxb4 49.Re3 g5 50.Kd1 g4 51.Ke2 Qc4+ 52.Kf2 Qxc2+ 53.Kg3 Kf6 54.e5+ 
    Kf5 55.Ra3 b5 $19 )
38.Re1 Qf3+ 39.Kg1 Qg3+ 40.Kf1 f3 41.Re3 $201 Qg2+ $19 {Houdini 1.03a w32 
2_CPU: -10.42 (-8.87)} 
    ( 41...g5 42.c3 Qg2+ 43.Ke1 f2+ 44.Kd1 Kg7 45.b4 axb4 46.cxb4 g4 47.b5
    g3 48.bxc6 Qh1+ 49.Kc2 g2 50.Rg3+ Kh6 51.Rxg2 Qxg2 52.Kc3 bxc6 53.Kc4 
    Qf3 54.a4 Qd1 55.Kc3 Qxa4 56.Kd2 Qa1 57.Ke3 f1=Q $19 )
42.Ke1 f2+ 43.Kd2 f1=N+ 
    ( 43...f1=N+ {16:-15.74} 44.Kc3 Nxe3 45.b4 axb4+ 46.axb4 Kg7 47.Kd4 
    Nxc2+ 48.Bxc2 Qxc2 49.Ke3 Qb3+ 50.Kf4 Qxb4 51.Kf3 g5 52.Ke3 Qc3+ 53.
    Kf2 g4 54.Kg1 Qe1+ 55.Kg2 Qxe4+ 56.Kg3 b5 57.Kh4 b4 58.Kg3 Qf3+ 59.Kh4
    )
    ( {[Houdini 1.03a w32 2_CPU] 17:M-13} 43...f1=Q+ 44.Kc3 Qc1 45.Re1 
    Qxe1+ 46.Kb3 Qe3 47.Ka2 Kg7 48.e5 Qxe5 49.Kb3 Qd4 50.Bc4 Qf3+ 51.Bd3 
    Qfd5+ 52.c4 Qxd3+ 53.Ka2 Q5xc4+ 54.b3 Qcxb3+ 55.Ka1 Qxa3# )
0-1

[Event "Nationale III"]
[Site "Castelsarrasin"]
[Date "2010.10.17"]
[Round "1"]
[White "Gregory, Daniel"]
[Black "Jaureguiberry, Cedric"]
[Result "0-1"]
[WhiteElo "2064"]
[BlackElo "2150"]

1.Nf3 Nf6 2.g3 g6 3.Bg2 Bg7 4.c4 d6 {Dernier coup de la bibliothèque 
d'ouverture} 5.d4 O-O 6.O-O Nc6 7.d5 Na5 8.Nfd2 c5 9.Nc3 a6 10.e4 Rb8 11.
a4 e6 12.Re1 exd5 13.exd5 Ng4 14.h3 Ne5 15.Bf1 g5 16.Qc2 f5 $201 17.f4 $6 
$15 {Houdini 1.03a w32 2_CPU: Coup faible, le score varie de/à: -0.03 / 
-0.70} 
    ( 17.b3 b6 18.Bb2 Rb7 19.Be2 Re7 20.Nf3 Nxf3+ 21.Bxf3 Qe8 22.Re2 Rxe2 
    23.Nxe2 Bxb2 24.Qxb2 g4 25.Bg2 Nxb3 26.Qxb3 Qxe2 27.Qxb6 $10 )
17...gxf4 18.gxf4 Qh4 $201 19.Re2 $6 $17 {Houdini 1.03a w32 2_CPU: Coup 
faible, le score varie de/à: -0.77 / -1.87} 
    ( 19.Rxe5 dxe5 20.Nf3 Qg3+ 21.Bg2 e4 22.Ne2 Qg6 23.Ne5 Qd6 24.b3 b6 
    25.Bb2 Rb7 26.Ng3 Re7 27.Qc3 Kh8 28.Kh2 Qh6 29.Ne2 Rg8 30.Rg1 $15 )
19...Qxf4 $201 20.Bg2 $6 $19 $201 {Houdini 1.03a w32 2_CPU: Coup faible, 
le score varie de/à: -1.94 / -3.17} 
    ( 20.Ra3 Qh4 21.Rf2 Nexc4 22.Nxc4 Nxc4 23.Bxc4 Qxc4 24.Qe2 Qxe2 25.
    Nxe2 Bd7 26.Bf4 Rf6 27.Rg3 Bxa4 28.Rfg2 Rg6 29.Bxd6 Rxg3 30.Nxg3 Bd4+ 
    31.Kh2 $17 )
20...Qg3 $6 $17 $201 {Houdini 1.03a w32 2_CPU: Coup faible, le score varie
de/à: -3.17 / -2.66} 
    ( 20...Qd4+ 21.Kf1 Naxc4 22.Nxc4 Nxc4 23.Rf2 Re8 24.Rf3 Bd7 25.Ne2 Qe4
    26.Qxe4 fxe4 27.Rg3 e3 28.Ke1 Bf5 29.Nf4 Kf7 30.Bf3 $19 )
21.Nd1 $2 $19 {****D8 -2.7->-5.0 Houdini 1.03a w32 2_CPU: Coup faible, le 
score varie de/à: -2.66 / -5.02} 
    ( 21.Ra3 Nexc4 22.Nxc4 Nxc4 23.Rb3 Be5 24.Nd1 Qh2+ 25.Kf1 Bd4 26.Nf2 
    Ne5 27.Be3 Bd7 28.Bxd4 cxd4 29.Rb6 Rbc8 30.Qd2 $17 )
21...f4 22.Ne4 $201 Qg6 $19 {Houdini 1.03a w32 2_CPU: -7.43 (-5.57)} 
    ( 22...Nf3+ 23.Kf1 Nd4 24.Nxg3 fxg3+ 25.Kg1 Nxc2 26.Rxc2 Bf5 27.Rc3 
    Bxc3 28.Nxc3 Nb3 29.Bf4 Nxa1 30.Bxd6 Nb3 31.Bxg3 Rbe8 32.d6 Rf7 33.Nd5
    Nd4 34.Ne7+ Rfxe7 35.dxe7 Ne2+ 36.Kh2 Nxg3 37.Kxg3 Rxe7 38.Kf4 Bd3 39.
    Bd5+ Kg7 40.b3 Kf6 $19 )
23.Kh1 f3 24.Bxf3 Rxf3 25.Ndf2 Bxh3 26.Ng5 Bf5 27.Qd1 Qh5+ 28.Kg2 Rxf2+ 
29.Kxf2 $201 Bg4 $19 {Houdini 1.03a w32 2_CPU: -31.56 (-17.74)} 
    ( 29...Qh2+ 30.Kf1 Qh1+ 31.Kf2 Ng4+ 32.Kg3 Qxd1 33.Nh3 Qxe2 34.Bg5 
    Bxb2 35.Rc1 Bxc1 36.Bxc1 Qe1+ 37.Kf4 Qf1+ 38.Kg3 Qxc1 39.Kh4 Qxc4 40.
    Kg3 Qxd5 41.Kh4 c4 42.Nf4 Qh1+ 43.Kg5 $19 )
30.Ra3 $201 Rf8+ $19 {Houdini 1.03a w32 2_CPU: -26.07 (-19.27)} 
    ( 30...Qh2+ 31.Ke1 Qh1+ 32.Kf2 Qxd1 33.Nf3 Qxc1 34.Rc3 Qb1 35.Kg3 Nxf3
    36.Rcc2 Qg1+ 37.Rg2 Qd4 38.Rce2 Be5+ 39.Rxe5 Nxe5 40.Kh2 Nexc4 41.Kg3 
    Nxb2 $19 )
31.Ke1 Qh1+ 32.Kd2 Naxc4+ 
    ( 32...Naxc4+ {24:-327.00} 33.Kc2 Nxa3+ 34.bxa3 Bf5+ 35.Ne4 Bxe4+ 36.
    Rxe4 Qxe4+ 37.Kb2 Nc4+ 38.Ka2 Rf2+ 39.Bd2 Rxd2+ 40.Qxd2 Nxd2 41.a5 )
    ( {[Houdini 1.03a w32 2_CPU] 21:M-9} 32...Rf1 33.Qxf1 Qxf1 34.Rae3 
    Bxe2 35.Rxe2 Nb3+ 36.Kc2 Qxe2+ 37.Kxb3 Nd3 38.Bd2 Qxd2 39.a5 Qxb2+ 40.
    Ka4 Qa2# )
0-1